|
|
|
|
| LEADER |
02178nam a22003857a 4500 |
| 001 |
42189 |
| 003 |
BD-DhAAL |
| 005 |
20241006102213.0 |
| 008 |
240205t2023 bg ||||| b||| 00| 0 ben d |
| 020 |
|
|
|a 9789849724629
|
| 040 |
|
|
|a BD-DhAAL
|d BD-DhAAL
|
| 041 |
|
|
|a ben
|
| 082 |
|
|
|a 500.95492
|2 23
|
| 245 |
|
|
|a বাঙালির বিজ্ঞানচিন্তা.
|n পঞ্চম খণ্ড /
|c সম্পাদক, জাকির তালুকদার ; গ্রন্থমালা সম্পাদক, আবদুল্লাহ আবু সায়ীদ.
|
| 246 |
|
|
|a Bangalir chintamulok rochona shongroho :
|b biggan [ponchom khondo]
|
| 246 |
|
|
|a A collection of Bengali thoughts :
|b science [volume : 5]
|
| 264 |
|
|
|a ঢাকা :
|b বিশ্বসাহিত্য কেন্দ্র,
|c ২০২৩.
|
| 300 |
|
|
|a ২২৩ পৃষ্ঠা ;
|c ২২ সে.মি.
|
| 362 |
|
|
|a Vol. 5
|
| 490 |
|
|
|a বাঙালির চিন্তামূলক রচনা সংগ্রহ ;
|v ৫১
|
| 490 |
|
|
|a বিশ্বসাহিত্য কেন্দ্র প্রকাশনা ;
|v ৬৬৮
|
| 500 |
|
|
|a প্রথম প্রকাশ.
|
| 504 |
|
|
|a গ্রন্থপঞ্জিগত নির্দেশিকা অন্তর্ভুক্ত।
|
| 526 |
|
|
|a AAL, RS
|
| 541 |
|
|
|a Bishwo Shahitto Kendro
|e 42189, 42243
|
| 650 |
|
|
|a Science
|x Study and teaching
|z Bangladesh.
|9 56007
|
| 650 |
|
|
|a Science and state
|z Bangladesh.
|9 56008
|
| 650 |
|
|
|a Science
|z Bangladesh.
|9 35650
|
| 700 |
|
|
|a তালুকদার, জাকির.
|9 18960
|
| 700 |
|
|
|a সায়ীদ, আবদুল্লাহ আবু.
|
| 852 |
|
|
|a Ayesha Abed Library
|c Reference
|
| 942 |
|
|
|2 ddc
|c BK
|
| 999 |
|
|
|c 46387
|d 46387
|
| 952 |
|
|
|0 0
|1 0
|2 ddc
|4 0
|6 500_954920000000000_BAN
|7 1
|9 75102
|a SCL
|b SCL
|c REF
|d 2024-01-31
|e Bishwo Shahitto Kendra
|g 280.00
|l 0
|o 500.95492 BAN
|p 3020042243
|r 2024-01-31
|t 2
|v 560.00
|w 2024-01-31
|y BK
|
| 952 |
|
|
|0 0
|1 0
|2 ddc
|4 0
|6 500_954920000000000_BAN
|7 1
|9 75103
|a BRACUL
|b BRACUL
|c REF
|d 2024-01-31
|e Bishwo Shahitto Kendra
|g 280.00
|l 0
|o 500.95492 BAN
|p 3010042189
|r 2024-01-31
|t 1
|v 560.00
|w 2024-01-31
|y BK
|